Código de comercio de la república argentina

Guardado en:
Formato: Libro
Publicado: Buenos Aires : Abeledo-perrot, 1997
Edición:17a. ed.
Materias:
Etiquetas: Agregar Etiqueta
Sin Etiquetas, Sea el primero en etiquetar este registro!
LEADER 00561nam a22001935a 4500
001 CEM.cems009498
005 20081209115654.0
008 130507s1997##################000#0#####d
003 CEMS
020 |a 9502009908 
082 0 4 |a 347 
245 0 0 |a Código de comercio de la república argentina 
250 |a 17a. ed. 
260 |a Buenos Aires :  |b Abeledo-perrot,  |c 1997 
300 |a 1074 p. 
500 |a Leyes complementarias 
653 |a Códigos-argentina 
653 |a Código de comercio 
859 |a CEMS  |b BIB. CEMS - 11 de abril  |h 347  |i Ar37-6  |p 19340.97  |t Ej.1  |v 1997  |3 1997